000 00617nam a2200229Ia 4500
003 OSt
005 20220928110808.0
006 a|||||r|||| 00| 0
007 ta
008 220927b |||||||| |||| 00| 0 eng d
024 _a59332
037 _cTextual
040 _aSDCL
_cSDCL
_beng
041 _2eng
_aeng
082 _aO15,1D40:g, P3
100 _aSharma Jaikaant Singh
_9420685
245 0 _aKalidasiya taditanantrumniyata
260 _aDelhi
_bAmarkant Granth
_c2003
300 _a534p
_ccm.
942 _hO15,1D40:g, P3
_cTEXL
_2CC
999 _c736958
_d736958